<?xml version="1.0" encoding="UTF-8"?>
<record
    xmlns:xsi="http://www.w3.org/2001/XMLSchema-instance"
    xsi:schemaLocation="http://www.loc.gov/MARC21/slim http://www.loc.gov/standards/marcxml/schema/MARC21slim.xsd"
    xmlns="http://www.loc.gov/MARC21/slim">

  <leader>01552nam a22002537a 4500</leader>
  <controlfield tag="005">20120214123115.0</controlfield>
  <datafield tag="010" ind1=" " ind2=" ">
    <subfield code="a">B-479086</subfield>
  </datafield>
  <datafield tag="020" ind1=" " ind2=" ">
    <subfield code="a">9788181463593</subfield>
    <subfield code="c">120.00</subfield>
  </datafield>
  <datafield tag="035" ind1=" " ind2=" ">
    <subfield code="a">B-479086</subfield>
  </datafield>
  <datafield tag="037" ind1=" " ind2=" ">
    <subfield code="b">&#x92C;&#x94D;&#x932;&#x942;&#x92C;&#x947;&#x930;&#x940; &#x92C;&#x941;&#x915;&#x94D;&#x938;</subfield>
  </datafield>
  <datafield tag="082" ind1=" " ind2=" ">
    <subfield code="a">&#x915;</subfield>
  </datafield>
  <datafield tag="100" ind1=" " ind2=" ">
    <subfield code="a">&#x936;&#x92E;&#x940;&#x92E; &#x92A;&#x926;&#x92E;&#x938;&#x940;</subfield>
    <subfield code="9">51724</subfield>
  </datafield>
  <datafield tag="245" ind1=" " ind2=" ">
    <subfield code="a">&#x926;&#x940;&#x935;&#x93E;&#x930;&#x94B;&#x902; &#x92A;&#x930; &#x928;&#x943;&#x924;&#x94D;&#x92F; /</subfield>
    <subfield code="c">&#x936;&#x92E;&#x940;&#x92E; &#x92A;&#x926;&#x92E;&#x938;&#x940;;&#x909;&#x92E;&#x93E; &#x915;&#x943;&#x937;&#x94D;&#x923;&#x938;&#x94D;&#x935;&#x93E;&#x92E;&#x940; &#x926;&#x94D;&#x935;&#x93E;&#x930;&#x93E; &#x91A;&#x93F;&#x924;&#x94D;&#x930;&#x93E;&#x902;&#x915;&#x93F;&#x924;;&#x936;&#x93F;&#x935;&#x93E;&#x928;&#x940; &#x905;&#x930;&#x94B;&#x921;&#x93C;&#x93E; &#x926;&#x94D;&#x935;&#x93E;&#x930;&#x93E; &#x905;&#x928;&#x941;&#x926;&#x93F;&#x924;</subfield>
  </datafield>
  <datafield tag="260" ind1=" " ind2=" ">
    <subfield code="a">&#x91A;&#x948;&#x928;&#x94D;&#x928;&#x947;&#x908;</subfield>
    <subfield code="b">&#x924;&#x942;&#x932;&#x93F;&#x915;&#x93E; &#x92A;&#x92C;&#x94D;&#x932;&#x93F;&#x936;&#x93F;&#x902;&#x917;</subfield>
    <subfield code="c">2011</subfield>
  </datafield>
  <datafield tag="270" ind1=" " ind2=" ">
    <subfield code="a">13 &#x92A;&#x943;&#x925;&#x94D;&#x935;&#x940; &#x910;&#x935;&#x928;&#x94D;&#x92F;&#x941;, &#x905;&#x92D;&#x93F;&#x930;&#x92E;&#x92A;&#x941;&#x930;&#x92E;</subfield>
    <subfield code="b">&#x91A;&#x948;&#x928;&#x94D;&#x928;&#x947;&#x908;</subfield>
    <subfield code="e">600018</subfield>
  </datafield>
  <datafield tag="300" ind1=" " ind2=" ">
    <subfield code="a">&#x905;.&#x92A;&#x943;.</subfield>
    <subfield code="b">&#x938;&#x91A;&#x93F;&#x924;&#x94D;&#x930;</subfield>
    <subfield code="c">21&#x938;&#x947;&#x92E;&#x940; (&#x905;&#x91C;&#x93F;&#x932;&#x94D;&#x926;)</subfield>
  </datafield>
  <datafield tag="700" ind1=" " ind2=" ">
    <subfield code="9">41870</subfield>
    <subfield code="a">&#x909;&#x92E;&#x93E; &#x915;&#x943;&#x937;&#x94D;&#x923;&#x938;&#x94D;&#x935;&#x93E;&#x92E;&#x940; </subfield>
  </datafield>
  <datafield tag="700" ind1=" " ind2=" ">
    <subfield code="9">41871</subfield>
    <subfield code="a">&#x905;&#x930;&#x94B;&#x921;&#x93C;&#x93E;, &#x936;&#x93F;&#x935;&#x93E;&#x928;&#x940; </subfield>
  </datafield>
  <datafield tag="700" ind1=" " ind2=" ">
    <subfield code="9">41872</subfield>
  </datafield>
  <datafield tag="942" ind1=" " ind2=" ">
    <subfield code="2">ddc</subfield>
    <subfield code="c">CH</subfield>
    <subfield code="h">&#x915;</subfield>
    <subfield code="m">&#x936;&#x92E;&#x940;&#x92E;</subfield>
  </datafield>
  <datafield tag="999" ind1=" " ind2=" ">
    <subfield code="c">62725</subfield>
    <subfield code="d">62725</subfield>
  </datafield>
  <datafield tag="952" ind1=" " ind2=" ">
    <subfield code="0">0</subfield>
    <subfield code="1">0</subfield>
    <subfield code="4">0</subfield>
    <subfield code="7">-1</subfield>
    <subfield code="a">AG</subfield>
    <subfield code="b">AG</subfield>
    <subfield code="d">2012-02-14</subfield>
    <subfield code="g">120.00</subfield>
    <subfield code="l">0</subfield>
    <subfield code="o">&#x915; &#x936;&#x92E;&#x940;&#x92E;</subfield>
    <subfield code="r">2012-02-14 00:00:00</subfield>
    <subfield code="v">120.00</subfield>
    <subfield code="w">2012-02-14</subfield>
    <subfield code="y">CH</subfield>
  </datafield>
  <datafield tag="952" ind1=" " ind2=" ">
    <subfield code="0">0</subfield>
    <subfield code="1">0</subfield>
    <subfield code="4">0</subfield>
    <subfield code="7">0</subfield>
    <subfield code="8">FIC</subfield>
    <subfield code="a">ZLS</subfield>
    <subfield code="b">ZLS</subfield>
    <subfield code="d">2012-08-29</subfield>
    <subfield code="e">&#x92C;&#x94D;&#x932;&#x942;&#x92C;&#x947;&#x930;&#x940; &#x92C;&#x941;&#x915;&#x94D;&#x938;/IN8483/14.04.12/43/20.03.12/19.05.12</subfield>
    <subfield code="g">120.00</subfield>
    <subfield code="l">1</subfield>
    <subfield code="o">&#x915; &#x936;&#x92E;&#x940;&#x92E;</subfield>
    <subfield code="p">B-479086</subfield>
    <subfield code="r">2019-10-18 00:00:00</subfield>
    <subfield code="s">2019-10-17</subfield>
    <subfield code="t">1</subfield>
    <subfield code="v">120.00</subfield>
    <subfield code="w">2012-08-29</subfield>
    <subfield code="y">CH</subfield>
  </datafield>
</record>
